000 00821nam a2200217Ii 4500
003 JO-AjNU
008 230605s9999||||xx |||||||||||||| ||und||
017 _a1998/39
040 _aJO-AjNU
_bara
_erda
_cJO-AjNU
041 _aara
050 1 4 _aPJ7828.A775 1998
100 3 _aتأليف جعفر،عبد الكريم راضي,
_eauthor
_910786
245 0 0 _aرماد الشعر:دراسة في البنية الموضوعية والفنية للشعر الوجداني الحديث في العراق
250 _aط1
264 3 1 _aبغداد:دار الشؤون الثقافية،1998
300 _a463ص
336 _atext
_btxt
_2rdacontent
337 _aunmediated
_bn
_2rdamedia
338 _avolume
_bnc
_2rdacarrier
650 4 _aالشعر العربي - العراق - تاريخ العصر الحديث
_910787
999 _aA1986
_c5554
_d5554